000 00516nam a22001817a 4500
999 _c19406
_d19406
003 AR-CdUCM
008 190517b ||||| |||| 00| 0 spa d
040 _aMUNICIPALIDAD PROVINCIAL DEL CUSCO
_cBIBLIOTECA MUNICIPAL DEL CUSCO
082 _aEP / 800 /
_bF51
245 _aHadas /
260 _aBilboa :
_bEdic. Boga.
300 _a60 paginas ;
_c20 cm.
440 _aColecciones Fioresta
_940731
505 _aContenido : Cuentos /
650 _aCuentos
_9217
942 _2ddc
_cLIBROS
945 _arjall
_d2019-05-17